[Event "interzonal (w)"]
[Site "Subotica YUG"]
[Date "1991.??.??"]
[Round "3"]
[White "Vuksanovic, Sanja"]
[Black "Litinskaya, Marta"]
[Result "1-0"]
[WhiteElo "2150"]
[BlackElo "2370"]
[EventDate "1991.11.??"]
[PlyCount "139"]

1.e4 c5 2.Nf3 d6 3.d4 cxd4 4.Nxd4 Nf6 5.f3 a6 6.c4 e6 7.Nc3 Be7 8.Be3 Qc7 
9.Be2 Nbd7 10.Rc1 b6 11.O-O Bb7 12.Qe1 O-O 13.Qf2 Rac8 14.Rfd1 Qb8 15.a3 
Bd8 16.Kh1 Kh8 17.b3 Bc7 18.g4 Rfe8 19.Qh4 Nf8 20.g5 N6d7 21.Qf2 Rcd8 22.
b4 Rc8 23.Nb3 Bd8 24.h4 Bc7 25.Kg2 Bd8 26.h5 Ne5 27.Qf1 Kg8 28.Kh3 Ned7 
29.Qf2 Bc7 30.Rd2 d5 31.cxd5 Be5 32.dxe6 Rxc3 33.exd7 Nxd7 34.Rxc3 Bxc3 
35.Rc2 Be5 36.Nd4 Nf8 37.Kg2 Rc8 38.Rxc8 Qxc8 39.Nf5 Qd8 40.Bc4 b5 41.Bb3 
Qd7 42.Qd2 Qxd2+ 43.Bxd2 Ne6 44.g6 hxg6 45.hxg6 Kf8 46.gxf7 Kxf7 47.Kf1 
Kf6 48.Ne3 Bb2 49.Nd5+ Bxd5 50.Bxd5 Nc7 51.Bb3 Bxa3 52.Bc3+ Ke7 53.Ke2 g5 
54.Kd3 Ne6 55.Bxe6 Kxe6 56.Kc2 Kd7 57.Bd2 a5 58.bxa5 Be7 59.Kd3 Kc6 60.Kd4
Bf6+ 61.e5 Be7 62.Ke4 b4 63.Kf5 b3 64.Bc1 Kb5 65.Ke6 Bc5 66.Kf7 Kxa5 67.e6
Kb4 68.e7 Bxe7 69.Kxe7 Kc3 70.Kf6 1-0

[Event "interzonal (w)"]
[Site "Subotica YUG"]
[Date "1991.??.??"]
[Round "3"]
[White "MacArthur, Beatriz"]
[Black "Sofieva, Ainur"]
[Result "1-0"]
[WhiteElo "2185"]
[BlackElo "2390"]
[EventDate "1991.11.??"]
[PlyCount "49"]

1.e4 d5 2.exd5 Nf6 3.d4 Nxd5 4.Nf3 g6 5.Be2 Bg7 6.O-O O-O 7.Re1 Nc6 8.c3 
a6 9.Na3 b5 10.Nc2 Qd6 11.Bf1 e5 12.dxe5 Nxe5 13.Nxe5 Bxe5 14.g3 Be6 15.
Bh6 Rfe8 16.Nd4 Bd7 17.Bg2 c6 18.Qd2 Nb6 19.Nxc6 Nc4 20.Qxd6 Bxd6 21.Ne7+ 
Bxe7 22.Bxa8 Nxb2 23.Bd5 Na4 24.Rad1 Nb6 25.Bb3 1-0

[Event "interzonal (w)"]
[Site "Subotica YUG"]
[Date "1991.??.??"]
[Round "3"]
[White "Maksimovic, Suzana"]
[Black "Foisor, Cristina"]
[Result "1/2-1/2"]
[WhiteElo "2290"]
[BlackElo "2350"]
[EventDate "1991.11.??"]
[PlyCount "88"]

1.d4 d6 2.c4 g6 3.Nc3 Bg7 4.e4 Nc6 5.Be3 f5 6.Nf3 e5 7.exf5 Bxf5 8.d5 Nce7
9.Bd3 Nf6 10.Ng5 Bd7 11.O-O O-O 12.c5 Nf5 13.Bxf5 gxf5 14.c6 h6 15.cxb7 
Rb8 16.Ne6 Bxe6 17.dxe6 Rxb7 18.Nd5 Qe8 19.e7 Rf7 20.Nxf6+ Bxf6 21.Qf3 
Rxb2 22.Qxf5 Bg7 23.Qg4 Qxe7 24.Bxh6 Qd7 25.Qg3 Qe6 26.Be3 c5 27.f4 Rf6 
28.Rab1 Qxa2 29.Ra1 Qe6 30.Rxa7 Rg6 31.Ra8+ Bf8 32.f5 Rxg2+ 33.Kh1 Qf7 34.
Qf3 R6g4 35.Bh6 Rxh2+ 36.Kxh2 Qh5+ 37.Qh3 Rh4 38.Rxf8+ Kh7 39.Rf3 Rxh3+ 
40.Rxh3 Qe2+ 41.Kg3 Qe1+ 42.Kg2 Qe2+ 43.Kg3 Qe1+ 44.Kg4 Qe2+ 1/2-1/2

[Event "interzonal (w)"]
[Site "Subotica YUG"]
[Date "1991.??.??"]
[Round "3"]
[White "Maric, Mirjana"]
[Black "Voiska, Margarita"]
[Result "0-1"]
[WhiteElo "2250"]
[BlackElo "2335"]
[EventDate "1991.11.??"]
[PlyCount "90"]

1.e4 e5 2.Nf3 Nc6 3.d4 exd4 4.Nxd4 Nf6 5.Nxc6 bxc6 6.e5 Qe7 7.Qe2 Nd5 8.c4
Ba6 9.b3 Qh4 10.a3 Bc5 11.g3 Bxf2+ 12.Qxf2 Qe4+ 13.Kd2 Qxh1 14.Bg2 Qxh2 
15.cxd5 cxd5 16.Kc2 c6 17.Be3 Qh5 18.Nc3 O-O 19.Bd4 Rfe8 20.Kb2 Bd3 21.Rh1
Qg5 22.Bh3 Rad8 23.Rd1 Ba6 24.Rd2 d6 25.exd6 Rxd6 26.Qf4 Qxf4 27.gxf4 Rh6 
28.Bf5 Bf1 29.Rf2 Bh3 30.Bxh3 Rxh3 31.Bxa7 h5 32.f5 Rh1 33.Bd4 Kh7 34.Rg2 
g6 35.fxg6+ fxg6 36.a4 h4 37.Kc2 h3 38.Rg4 h2 39.Rh4+ Kg8 40.a5 g5 41.Rh5 
Kf7 42.Bc5 Kg6 43.Rh3 g4 44.Rh4 g3 45.Bd6 g2 0-1

[Event "interzonal (w)"]
[Site "Subotica YUG"]
[Date "1991.??.??"]
[Round "3"]
[White "Basagic, Vesna"]
[Black "Madl, Ildiko"]
[Result "1/2-1/2"]
[WhiteElo "2305"]
[BlackElo "2380"]
[EventDate "1991.11.??"]
[PlyCount "45"]

1.d4 Nf6 2.c4 c5 3.d5 g6 4.Nc3 d6 5.e4 Bg7 6.Bd3 O-O 7.Nge2 e6 8.O-O exd5 
9.cxd5 Ng4 10.h3 Ne5 11.Bc2 Na6 12.a3 Rb8 13.f4 Nc4 14.Bd3 Na5 15.Be3 b6 
16.Rb1 c4 17.Bc2 Nc5 18.Bd4 f6 19.Bf2 Nab3 20.Nb5 Qe7 21.Ned4 Nxd4 22.Nxd4
Bd7 23.Nc6 1/2-1/2

[Event "interzonal (w)"]
[Site "Subotica YUG"]
[Date "1991.??.??"]
[Round "3"]
[White "Paasikangas, Johanna"]
[Black "Markovic-Jovanovic, Gordana"]
[Result "0-1"]
[WhiteElo "2130"]
[BlackElo "2260"]
[EventDate "1991.11.??"]
[PlyCount "84"]

1.d4 Nf6 2.c4 e6 3.Nf3 Bb4+ 4.Nbd2 b6 5.a3 Bxd2+ 6.Bxd2 Bb7 7.Bg5 d6 8.e3 
h6 9.Bh4 Nbd7 10.Be2 Qe7 11.b4 a5 12.O-O O-O 13.Nd2 c5 14.b5 Rfe8 15.f4 
Rac8 16.Bf3 d5 17.e4 dxe4 18.Bxe4 Bxe4 19.Nxe4 Qf8 20.Nxf6+ Nxf6 21.Bxf6 
gxf6 22.d5 Rcd8 23.Rf3 exd5 24.Rg3+ Kh8 25.cxd5 Re4 26.Qh5 Rd4 27.Qf5 Rd6 
28.Rd3 Rxd3 29.Qxd3 Qc8 30.Rc1 Qg4 31.Qe4 Qd7 32.Rd1 Qxb5 33.f5 c4 34.h3 
c3 35.Kh2 Kh7 36.Qe7 Qd7 37.Qe4 Qc7 38.g3 b5 39.h4 Qb7 40.Rd4 Qc7 41.Qe8 
c2 42.Rg4 Rd8 0-1

[Event "interzonal (w)"]
[Site "Subotica YUG"]
[Date "1991.??.??"]
[Round "3"]
[White "Qin Kanying"]
[Black "Amura, Claudia"]
[Result "1-0"]
[WhiteElo "2265"]
[BlackElo "2405"]
[EventDate "1991.11.??"]
[PlyCount "122"]

1.e4 c5 2.Nf3 Nc6 3.d4 cxd4 4.Nxd4 Nf6 5.Nc3 e5 6.Ndb5 d6 7.Bg5 a6 8.Na3 
b5 9.Bxf6 gxf6 10.Nd5 Bg7 11.Bd3 Ne7 12.Nxe7 Qxe7 13.c4 f5 14.O-O Bb7 15.
cxb5 fxe4 16.bxa6 exd3 17.axb7 Qxb7 18.Qxd3 O-O 19.Nc4 d5 20.Nd6 e4 21.Qd2
Qxb2 22.Qxd5 Qe5 23.Rad1 Qxd5 24.Rxd5 Rfd8 25.Rdd1 Rxa2 26.Nxe4 Rxd1 27.
Rxd1 Ra1 28.Rxa1 Bxa1 29.g4 Kg7 30.Ng3 Kg6 31.h4 Be5 32.Kg2 Bc7 33.Kf3 Bd8
34.h5+ Kf6 35.Ke4 Kg5 36.f3 Bb6 37.Nf5 Bc5 38.Ke5 Ba3 39.Ne3 Bb2+ 40.Ke4 
Bc1 41.Nd5 Bb2 42.Ne7 Bc3 43.Nf5 Bb4 44.Nd4 Ba3 45.Nc2 Bb2 46.Ne3 Bc1 47.
Nc4 f5+ 48.gxf5 Kxh5 49.f4 Kh6 50.Ke5 Kg7 51.f6+ Kf7 52.Nd6+ Kf8 53.Kf5 
Ba3 54.Ne4 Kf7 55.Ng5+ Kg8 56.Nf3 Kf7 57.Ne5+ Kf8 58.Kg5 Bc1 59.Kf5 Ba3 
60.Ke6 Kg8 61.f5 h5 1-0

[Event "interzonal (w)"]
[Site "Subotica YUG"]
[Date "1991.??.??"]
[Round "3"]
[White "Veroci-Petronic, Zsuzsa"]
[Black "Kachiani, Ketino"]
[Result "0-1"]
[WhiteElo "2320"]
[BlackElo "2345"]
[EventDate "1991.11.??"]
[PlyCount "120"]

1.e4 e5 2.Nf3 Nc6 3.Bb5 a6 4.Ba4 Nf6 5.O-O Be7 6.Re1 b5 7.Bb3 d6 8.a4 Bb7 
9.c3 O-O 10.d4 h6 11.h3 Re8 12.Nbd2 Bf8 13.d5 Na5 14.Bc2 c6 15.b4 Nc4 16.
Nxc4 bxc4 17.dxc6 Bxc6 18.a5 Rc8 19.Ba4 Bxe4 20.Bxe8 Qxe8 21.Nd2 Bb7 22.
Nf1 g6 23.Qe2 Nd5 24.Bd2 Bg7 25.Rac1 Qc6 26.f3 Nc7 27.Ne3 Ne6 28.Nc2 d5 
29.Qf2 Rd8 30.Na3 g5 31.Red1 f5 32.Qe2 Re8 33.Re1 f4 34.Qf1 Rc8 35.Red1 e4
36.Be1 e3 37.Nc2 Qe8 38.Qe2 Bc6 39.Ra1 Rb8 40.Kh1 Nc7 41.Nd4 Ba4 42.Rxa4 
Qxa4 43.Nf5 Bf8 44.g4 h5 45.h4 hxg4 46.fxg4 gxh4 47.Bxh4 Qe8 48.Qf3 Qe4 
49.Qxe4 dxe4 50.Rd4 Re8 51.Rxc4 Nd5 52.Rc6 e2 53.Rg6+ Kh7 54.Rxa6 f3 55.
Nd4 Nf4 56.Ra7+ Kg8 57.a6 Ng2 58.Bg3 Bd6 59.Bf2 e3 60.Nxe2 exf2 0-1

[Event "interzonal (w)"]
[Site "Subotica YUG"]
[Date "1991.??.??"]
[Round "4"]
[White "Amura, Claudia"]
[Black "Litinskaya, Marta"]
[Result "1/2-1/2"]
[WhiteElo "2405"]
[BlackElo "2370"]
[EventDate "1991.11.??"]
[PlyCount "91"]

1.d4 Nf6 2.c4 e6 3.Nc3 Bb4 4.Qc2 O-O 5.a3 Bxc3+ 6.Qxc3 b6 7.Bg5 Bb7 8.f3 
d6 9.e4 c5 10.dxc5 bxc5 11.h4 Nc6 12.Ne2 Qa5 13.O-O-O Qxc3+ 14.Nxc3 Nd4 
15.h5 h6 16.Be3 e5 17.Bd3 Bc6 18.b4 Bd7 19.Kd2 a6 20.Rb1 Rfb8 21.Ke1 Be6 
22.Kf2 cxb4 23.axb4 Rc8 24.Nd5 Nxd5 25.cxd5 Bd7 26.Rhc1 Bb5 27.Bxb5 axb5 
28.Bxd4 exd4 29.Ra1 Kf8 30.Rxa8 Rxa8 31.Rd1 Ra2+ 32.Kg3 Rb2 33.Rxd4 g5 34.
hxg6 fxg6 35.f4 Ke7 36.e5 g5 37.fxg5 hxg5 38.e6 Re2 39.Kf3 Re5 40.g3 Ke8 
41.Rd1 Ke7 42.Rd4 Ke8 43.Kg4 Ke7 44.Kh5 Kf6 45.Rd3 Re2 46.Rf3+ 1/2-1/2

[Event "interzonal (w)"]
[Site "Subotica YUG"]
[Date "1991.??.??"]
[Round "4"]
[White "Bojkovic, Natasa"]
[Black "Maric, Mirjana"]
[Result "1-0"]
[WhiteElo "2340"]
[BlackElo "2250"]
[EventDate "1991.11.??"]
[PlyCount "59"]

1.e4 e6 2.d4 d5 3.Nc3 Nf6 4.Bg5 Be7 5.e5 Ne4 6.Bxe7 Nxc3 7.Qg4 Qxe7 8.Qxg7
Qb4 9.Qxh8+ Kd7 10.Rd1 Nxd1+ 11.Kxd1 Qxd4+ 12.Bd3 Nc6 13.Qxh7 Nxe5 14.Nf3 
Nxf3 15.Qxf7+ Kc6 16.gxf3 Qxb2 17.Qe8+ Bd7 18.Qxa8 Qb1+ 19.Ke2 Qxh1 20.Qh8
Kd6 21.h4 c5 22.h5 c4 23.Bg6 Bb5 24.Qb8+ Kc6 25.a4 Ba6 26.c3 d4 27.Be8+ 
Kd5 28.Qd8+ Ke5 29.cxd4+ Kf5 30.Bg6+ 1-0

[Event "interzonal (w)"]
[Site "Subotica YUG"]
[Date "1991.??.??"]
[Round "4"]
[White "Botsari, Anna-Maria"]
[Black "Chelushkina, Irina"]
[Result "1-0"]
[WhiteElo "2285"]
[BlackElo "2305"]
[EventDate "1991.11.??"]
[PlyCount "81"]

1.d4 e6 2.c4 c5 3.d5 exd5 4.cxd5 d6 5.Nc3 g6 6.e4 Bg7 7.Bd3 a6 8.a4 Nd7 9.
Nf3 Ngf6 10.O-O O-O 11.Bf4 Qe7 12.h3 Ne8 13.Qd2 Rb8 14.Rfe1 f6 15.Rab1 Nc7
16.b4 cxb4 17.Rxb4 Nc5 18.Bc4 Bd7 19.Nd4 Kh8 20.Rb6 Ne8 21.Nc6 Bxc6 22.
dxc6 Qd8 23.Reb1 Rc8 24.cxb7 Nxb7 25.Bxa6 Na5 26.Qd3 f5 27.Nd5 fxe4 28.
Qxe4 Rc6 29.Rb8 Nf6 30.Nxf6 Qxf6 31.Rxf8+ Qxf8 32.Bb5 Rc8 33.Rd1 Rd8 34.
Bg5 Bf6 35.Be3 Rc8 36.Qd5 Be5 37.Bb6 Rc2 38.Bd3 Rc3 39.Qxa5 Qf4 40.Qa8+ 
Kg7 41.g3 1-0

[Event "interzonal (w)"]
[Site "Subotica YUG"]
[Date "1991.??.??"]
[Round "4"]
[White "Csonkics, Tunde"]
[Black "Foisor, Cristina"]
[Result "1/2-1/2"]
[WhiteElo "2320"]
[BlackElo "2350"]
[EventDate "1991.11.??"]
[PlyCount "102"]

1.d4 Nf6 2.c4 g6 3.Nc3 Bg7 4.e4 d6 5.Be2 O-O 6.Nf3 Bg4 7.Be3 Nc6 8.d5 Nb8 
9.Nd2 Bxe2 10.Qxe2 c6 11.O-O a5 12.Rab1 Na6 13.Rfc1 Nd7 14.b3 Nac5 15.a3 
Qc7 16.b4 axb4 17.axb4 Na4 18.Nxa4 Rxa4 19.c5 dxc5 20.bxc5 Rfa8 21.Nc4 Ra2
22.Qf3 cxd5 23.exd5 Ra1 24.d6 exd6 25.Rxa1 Rxa1 26.Rxa1 Bxa1 27.Nxd6 Ne5 
28.Qxb7 Qxb7 29.Nxb7 Nc6 30.Kf1 Be5 31.g3 Kf8 32.Ke2 Ke7 33.Kd3 Kd7 34.f4 
Bc7 35.Kc4 h5 36.Bd2 f6 37.h4 g5 38.Bc3 gxh4 39.gxh4 f5 40.Bd2 Ne7 41.Nd6 
Bxd6 42.cxd6 Ng6 43.Kd5 Nxh4 44.Ke5 Nf3+ 45.Kxf5 Kxd6 46.Bc3 Kd5 47.Bf6 h4
48.Kg4 Ke4 49.Bg5 h3 50.Kxh3 Kf5 51.Bh6 Nd4 1/2-1/2

[Event "interzonal (w)"]
[Site "Subotica YUG"]
[Date "1991.??.??"]
[Round "4"]
[White "Galliamova, Alisa"]
[Black "Matveeva, Svetlana"]
[Result "1/2-1/2"]
[WhiteElo "2435"]
[BlackElo "2325"]
[EventDate "1991.11.??"]
[PlyCount "84"]

1.d4 Nf6 2.c4 g6 3.Nf3 Bg7 4.g3 O-O 5.Bg2 d6 6.O-O Nbd7 7.Nc3 e5 8.h3 Re8 
9.e4 exd4 10.Nxd4 Nc5 11.Re1 Bd7 12.Rb1 Qc8 13.g4 h5 14.f3 a6 15.Be3 Rb8 
16.b4 Ne6 17.Nd5 hxg4 18.hxg4 Nh7 19.Qd2 Qd8 20.Rbd1 Be5 21.Nxe6 fxe6 22.
Nf4 Qf6 23.Ne2 g5 24.Kf2 Bc6 25.Qd3 Re7 26.Rh1 b5 27.a3 bxc4 28.Qxc4 Bb5 
29.Qa2 Bxe2 30.Qxe2 a5 31.bxa5 c5 32.a6 Rb2 33.Rd2 Rb3 34.Rd3 Rb6 35.Bf1 
Rxa6 36.Rb3 Ra8 37.Qa2 Rf7 38.Rh3 Kf8 39.Qd2 Rg7 40.Rh5 Rg8 41.Bc4 Rg7 42.
Rh3 Rg6 1/2-1/2

[Event "interzonal (w)"]
[Site "Subotica YUG"]
[Date "1991.??.??"]
[Round "4"]
[White "Vuksanovic, Sanja"]
[Black "Madl, Ildiko"]
[Result "1-0"]
[WhiteElo "2150"]
[BlackElo "2380"]
[EventDate "1991.11.??"]
[PlyCount "103"]

1.e4 c5 2.Nf3 d6 3.d4 cxd4 4.Nxd4 Nf6 5.Nc3 Nc6 6.Be2 e5 7.Nf3 h6 8.O-O 
Be7 9.Re1 O-O 10.h3 Be6 11.Bf1 Nb8 12.Nd5 Nxd5 13.exd5 Bf5 14.c4 Nd7 15.
Be3 Bg6 16.b4 a5 17.a3 e4 18.Nd4 Bf6 19.Qd2 Ne5 20.Rab1 axb4 21.axb4 Nd3 
22.Bxd3 exd3 23.Nb5 Qd7 24.Bf4 Ra6 25.Rbd1 Rc8 26.Rc1 Kh7 27.Re3 Rca8 28.
Rxd3 Bxd3 29.Qxd3+ Kg8 30.Qg3 Ra1 31.Rxa1 Rxa1+ 32.Kh2 Qe7 33.Qe3 Be5 34.
Bxe5 dxe5 35.c5 Rd1 36.Qe4 Qf6 37.f3 Qg5 38.c6 bxc6 39.dxc6 Rc1 40.Nc7 Qe7
41.Nd5 Qd6 42.c7 g6 43.b5 f5 44.Qe3 e4+ 45.f4 Rxc7 46.Nxc7 Qxc7 47.b6 Qb8 
48.Kg1 Qb7 49.Qc5 e3 50.Qxe3 Kf7 51.Qc5 Ke8 52.Qe5+ 1-0

[Event "interzonal (w)"]
[Site "Subotica YUG"]
[Date "1991.??.??"]
[Round "4"]
[White "Markovic-Jovanovic, Gordana"]
[Black "Jackson, Sheila"]
[Result "1/2-1/2"]
[WhiteElo "2260"]
[BlackElo "2190"]
[EventDate "1991.11.??"]
[PlyCount "81"]

1.e4 e5 2.Nf3 Nc6 3.d4 exd4 4.Nxd4 Nf6 5.Nxc6 bxc6 6.e5 Qe7 7.Qe2 Nd5 8.b3
Qe6 9.c4 Bb4+ 10.Bd2 Bxd2+ 11.Nxd2 Nf4 12.Qe4 Ng6 13.f4 Qe7 14.Bd3 Bb7 15.
O-O O-O-O 16.Qe3 Kb8 17.Ne4 d6 18.exd6 cxd6 19.Rae1 f6 20.Qd2 d5 21.Ng3 
Qc5+ 22.Qf2 Qxf2+ 23.Rxf2 dxc4 24.Bxc4 Rd7 25.Nf5 Rhd8 26.g3 c5 27.Rfe2 
Bf3 28.Re8 Kc7 29.Rxd8 Kxd8 30.Bb5 Rd2 31.Nxg7 Rg2+ 32.Kf1 Rxh2 33.Ne6+ 
Kc8 34.Nxc5 Rxa2 35.Na6 Bg2+ 36.Kg1 Kb7 37.Re6 Bd5 38.Nc5+ Kc7 39.Rxf6 
Rg2+ 40.Kf1 Rxg3 41.Ke2 1/2-1/2

[Event "interzonal (w)"]
[Site "Subotica YUG"]
[Date "1991.??.??"]
[Round "4"]
[White "Nutu-Gajic, Daniela"]
[Black "Chidi, Sylvia"]
[Result "1-0"]
[WhiteElo "2310"]
[BlackElo "2005"]
[EventDate "1991.11.??"]
[PlyCount "45"]

1.Nf3 Nf6 2.c4 d6 3.d4 Nbd7 4.Nc3 g6 5.e4 e5 6.Be2 Bg7 7.O-O O-O 8.Be3 h6 
9.dxe5 Nxe5 10.Nxe5 dxe5 11.Qc1 Kh7 12.Nd5 Nxd5 13.cxd5 b6 14.Qc6 Rb8 15.
Rac1 Qh4 16.Qxc7 Qxe4 17.Rc4 Qf5 18.Qxb8 Ba6 19.Qxa7 Bxc4 20.Bxc4 Qc2 21.
Bb3 Qxb2 22.d6 Rd8 23.Qxf7 1-0

[Event "interzonal (w)"]
[Site "Subotica YUG"]
[Date "1991.??.??"]
[Round "4"]
[White "Qin Kanying"]
[Black "MacArthur, Beatriz"]
[Result "1/2-1/2"]
[WhiteElo "2265"]
[BlackElo "2185"]
[EventDate "1991.11.??"]
[PlyCount "82"]

1.e4 e6 2.d4 d5 3.e5 c5 4.c3 Nc6 5.Nf3 Bd7 6.a3 c4 7.h4 f6 8.Nbd2 Na5 9.g3
Qb6 10.Bh3 O-O-O 11.O-O f5 12.Rb1 Nh6 13.Re1 Be7 14.Bf1 Rdf8 15.b3 Qc7 16.
bxc4 dxc4 17.Rb4 f4 18.Ne4 fxg3 19.fxg3 Nf5 20.Bg5 Bc6 21.Bxc4 Nxc4 22.
Rxc4 Bxa3 23.Rf1 b5 24.Rxc6 Qxc6 25.Qd3 Rf7 26.g4 Nh6 27.Ra1 Rhf8 28.Nfd2 
Be7 29.Bxh6 gxh6 30.Rxa7 Rh8 31.g5 hxg5 32.h5 Rhf8 33.Ra5 Rf4 34.Rxb5 Rg4+
35.Kh1 Rff4 36.d5 exd5 37.Rxd5 Rh4+ 38.Kg2 Rhg4+ 39.Kh2 Rh4+ 40.Kg2 Rhg4+ 
41.Kh2 Rh4+ 1/2-1/2

[Event "interzonal (w)"]
[Site "Subotica YUG"]
[Date "1991.??.??"]
[Round "4"]
[White "Koskela, Niina"]
[Black "Levitina, Irina"]
[Result "0-1"]
[WhiteElo "2110"]
[BlackElo "2370"]
[EventDate "1991.11.??"]
[PlyCount "64"]

1.e4 c5 2.Nf3 d6 3.d4 cxd4 4.Nxd4 Nf6 5.Nc3 Nc6 6.Be2 e5 7.Nf3 h6 8.O-O 
Be7 9.Re1 O-O 10.h3 Be6 11.Bf1 Nb8 12.Be3 a6 13.a4 Nbd7 14.a5 Rc8 15.Nh2 
Nc5 16.f4 Rc6 17.f5 Bc8 18.Bf2 b5 19.b4 Nb3 20.cxb3 Rxc3 21.Nf3 Bb7 22.Bd3
d5 23.exd5 Bxd5 24.Bb6 Qc8 25.Rxe5 Bxb4 26.Nd4 Bd6 27.Re1 Bc5 28.Rc1 Bxb6 
29.axb6 Qc5 30.Bc2 Rd8 31.b4 Qxb6 32.Qd2 Rc4 0-1

[Event "interzonal (w)"]
[Site "Subotica YUG"]
[Date "1991.??.??"]
[Round "4"]
[White "Sofieva, Ainur"]
[Black "Maksimovic, Suzana"]
[Result "0-1"]
[WhiteElo "2390"]
[BlackElo "2290"]
[EventDate "1991.11.??"]
[PlyCount "78"]

1.e4 c5 2.Nf3 Nc6 3.d3 e6 4.g3 d5 5.Nbd2 Nf6 6.Bg2 Be7 7.O-O Qc7 8.Re1 b6 
9.Nf1 dxe4 10.dxe4 Bb7 11.e5 Nd5 12.c3 O-O-O 13.Qe2 h6 14.h4 Rhg8 15.N1h2 
g5 16.hxg5 hxg5 17.Ng4 Rd7 18.Bd2 Qd8 19.Rad1 Nb8 20.Bc1 Ba6 21.Qc2 Nc6 
22.a3 c4 23.Qe4 Na5 24.Nd2 Bb7 25.Nxc4 Nf4 26.Rxd7 Qxd7 27.Qh7 Nxg2 28.
Qxg8+ Kc7 29.Nxa5 bxa5 30.Rf1 Ne1 31.Nh2 Qd5 32.f3 Qxe5 33.Rf2 Qxg3+ 34.
Kf1 Nd3 35.Re2 Qh3+ 36.Kg1 Nxc1 37.Re3 Qf5 38.Kg2 Nd3 39.Kf1 Nf4 0-1

[Event "interzonal (w)"]
[Site "Subotica YUG"]
[Date "1991.??.??"]
[Round "4"]
[White "Veroci-Petronic, Zsuzsa"]
[Black "Jahn, Constanze"]
[Result "1-0"]
[WhiteElo "2320"]
[BlackElo "2175"]
[EventDate "1991.11.??"]
[PlyCount "71"]

1.e4 c5 2.Nf3 e6 3.d4 cxd4 4.Nxd4 a6 5.Bd3 Nc6 6.Nxc6 bxc6 7.O-O Nf6 8.e5 
Nd5 9.c4 Nb4 10.Be4 a5 11.Nc3 Bb7 12.a3 Na6 13.Qg4 Qc7 14.Bf4 g6 15.Rad1 
Be7 16.h4 O-O-O 17.Bg5 Bxg5 18.Qxg5 f5 19.exf6 Rdf8 20.Bf3 h6 21.Qxg6 Qf4 
22.Qg7 Nb8 23.Qg3 Qxg3 24.fxg3 Rxf6 25.Ne4 Rff8 26.Nd6+ Kc7 27.c5 Ba6 28.
Rfe1 Rhg8 29.Kh2 a4 30.Rd4 Bb5 31.Rb4 Na6 32.Nxb5+ cxb5 33.Rxb5 Rf5 34.
Rb7+ Kc8 35.Ra7 Nc7 36.Rc1 1-0

[Event "interzonal (w)"]
[Site "Subotica YUG"]
[Date "1991.??.??"]
[Round "4"]
[White "Wang Pin"]
[Black "Ioseliani, Nana"]
[Result "1/2-1/2"]
[WhiteElo "2220"]
[BlackElo "2470"]
[EventDate "1991.11.??"]
[PlyCount "50"]

1.e4 c5 2.Nf3 e6 3.d4 cxd4 4.Nxd4 a6 5.Bd3 Bc5 6.Nb3 Ba7 7.O-O Nc6 8.Qe2 
d6 9.Nc3 Nf6 10.Be3 b5 11.Rad1 Ne5 12.a4 b4 13.Na2 Nxd3 14.Qxd3 a5 15.Rfe1
O-O 16.Bxa7 Rxa7 17.e5 Nd5 18.exd6 Qxd6 19.c4 bxc3 20.Nxc3 Qb4 21.Nxd5 
exd5 22.Qxd5 Be6 23.Qc5 Bxb3 24.Qxa7 Bxd1 25.Rxd1 Qxa4 1/2-1/2

[Event "interzonal (w)"]
[Site "Subotica YUG"]
[Date "1991.??.??"]
[Round "5"]
[White "Bojkovic, Natasa"]
[Black "Peng Zhaoqin"]
[Result "0-1"]
[WhiteElo "2340"]
[BlackElo "2375"]
[EventDate "1991.11.??"]
[PlyCount "102"]

1.e4 e6 2.d4 d5 3.Nc3 Bb4 4.e5 Qd7 5.a3 Bxc3+ 6.bxc3 b6 7.Qg4 f5 8.Qg3 Ba6
9.Bxa6 Nxa6 10.a4 Nb8 11.Nh3 Nc6 12.Nf4 O-O-O 13.a5 Nxa5 14.Rxa5 bxa5 15.
Nd3 g6 16.O-O Kb8 17.Nc5 Qc6 18.Bg5 Re8 19.Ra1 Ka8 20.Rxa5 Qb6 21.Nb3 Ne7 
22.Qd3 Nc8 23.h4 c6 24.Bc1 Rhf8 25.Ba3 Rf7 26.Bc5 Qb8 27.Qf1 Nb6 28.Qa6 
Rb7 29.Bd6 Qc8 30.Ra1 Nc4 31.Bb4 Qc7 32.Nc5 Rb6 33.Qa4 h6 34.Na6 Qd7 35.
Bc5 Rb5 36.Bb4 g5 37.h5 Nb6 38.Qa2 Nc4 39.Qa4 f4 40.Nc5 Qf7 41.Qa6 Rb6 42.
Qa2 Rb5 43.Qa6 Qc7 44.Ra2 g4 45.Ra1 f3 46.g3 Rb6 47.Qa4 Qf7 48.Na6 Rc8 49.
Bd6 Rb5 50.Bb4 Qxh5 51.Nc5 Ra5 0-1

[Event "interzonal (w)"]
[Site "Subotica YUG"]
[Date "1991.??.??"]
[Round "5"]
[White "Chidi, Sylvia"]
[Black "Sofieva, Ainur"]
[Result "0-1"]
[WhiteElo "2005"]
[BlackElo "2390"]
[EventDate "1991.11.??"]
[PlyCount "53"]

1.d4 Nf6 2.c4 g6 3.Nc3 Bg7 4.e4 d6 5.Bg5 O-O 6.g3 c5 7.d5 h6 8.Be3 a6 9.
Qd2 Ng4 10.Rc1 e5 11.Bd3 f5 12.Nge2 Nd7 13.f4 Nxe3 14.Qxe3 Nf6 15.h3 fxe4 
16.Bxe4 Nxe4 17.Qxe4 Bf5 18.Qf3 exf4 19.gxf4 Re8 20.Kf2 b5 21.Ng3 Bd4+ 22.
Kg2 Re3 23.Qd1 Qh4 24.Nxf5 gxf5 25.Ne2 Kh7 26.Nxd4 Rg8+ 27.Kf1 0-1

[Event "interzonal (w)"]
[Site "Subotica YUG"]
[Date "1991.??.??"]
[Round "5"]
[White "Demina, Yulia"]
[Black "Wang Pin"]
[Result "1/2-1/2"]
[WhiteElo "2370"]
[BlackElo "2220"]
[EventDate "1991.11.??"]
[PlyCount "53"]

1.c4 Nf6 2.Nf3 g6 3.d4 Bg7 4.g3 O-O 5.Bg2 d6 6.O-O Nc6 7.Nc3 a6 8.Bd2 e5 
9.d5 Ne7 10.e4 Nh5 11.Ne1 Qe8 12.Bf3 Bh3 13.Ng2 f5 14.exf5 Nxf5 15.Bg4 
Bxg4 16.Qxg4 Nd4 17.Be3 Nf6 18.Qd1 Nf5 19.Rc1 Qd7 20.Qd3 Bh6 21.Rce1 Nxe3 
22.Nxe3 Qh3 23.f3 Bxe3+ 24.Rxe3 Rf7 25.Ne4 Nxe4 26.Qxe4 Raf8 27.Re2 
1/2-1/2

[Event "interzonal (w)"]
[Site "Subotica YUG"]
[Date "1991.??.??"]
[Round "5"]
[White "Foisor, Cristina"]
[Black "Jackson, Sheila"]
[Result "1-0"]
[WhiteElo "2350"]
[BlackElo "2190"]
[EventDate "1991.11.??"]
[PlyCount "183"]

1.c4 Nf6 2.g3 g6 3.Bg2 Bg7 4.Nf3 d6 5.Nc3 O-O 6.O-O e5 7.d3 Nc6 8.Rb1 a5 
9.Bg5 h6 10.Bxf6 Bxf6 11.a3 Bg7 12.b4 axb4 13.axb4 Be6 14.b5 Ne7 15.Qb3 c6
16.Nd2 d5 17.Rfd1 Qd6 18.Ra1 f5 19.Ra4 Rxa4 20.Nxa4 f4 21.c5 Qd8 22.bxc6 
bxc6 23.Qb7 fxg3 24.hxg3 Rf7 25.Nb3 Qf8 26.Rf1 Bg4 27.Nb6 e4 28.d4 Kh7 29.
f3 exf3 30.exf3 Nf5 31.Qxc6 Nxd4 32.Nxd4 Bxd4+ 33.Kh2 Qxc5 34.Qxc5 Bxc5 
35.Na4 Be7 36.fxg4 Rxf1 37.Bxf1 d4 38.Nb6 Kg7 39.Nd5 Bd6 40.Kg2 Kf7 41.Kf3
g5 42.Bc4 Kg6 43.Nb6 Bc7 44.Bd3+ Kf7 45.Nc4 Ke6 46.Bf5+ Kd5 47.Nd2 Ba5 48.
Be4+ Ke6 49.Nb3 Bc3 50.Ke2 Ke5 51.Bg6 Kf6 52.Be8 Ke5 53.Bh5 Ke4 54.Bg6+ 
Ke5 55.Kd3 Be1 56.Nxd4 Bxg3 57.Nf5 Be1 58.Nxh6 Kf4 59.Bf5 Ba5 60.Nf7 Bb6 
61.Kc4 Be3 62.Kd5 Bd2 63.Ke6 Bc3 64.Nd6 Bd4 65.Ne4 Bb6 66.Kf6 Bd8+ 67.Kg6 
Be7 68.Kh5 Bd8 69.Nc5 Ke5 70.Ne6 Bb6 71.Nxg5 Kf6 72.Ne4+ Kg7 73.g5 Be3 74.
g6 Bc1 75.Nd6 Bb2 76.Bc2 Be5 77.Nf5+ Kg8 78.Bb3+ Kf8 79.Ba4 Kg8 80.Kg5 Bb2
81.Bb3+ Kf8 82.Kh6 Bc1+ 83.Kh7 Bb2 84.Ne3 Bd4 85.Nd5 Bb2 86.Nf4 Be5 87.Bf7
Bb2 88.Ne6+ Ke7 89.Kg8 Bc3 90.Nf4 Bb2 91.Bb3 Kf6 92.Bc2 1-0

[Event "interzonal (w)"]
[Site "Subotica YUG"]
[Date "1991.??.??"]
[Round "5"]
[White "Ioseliani, Nana"]
[Black "Qin Kanying"]
[Result "1/2-1/2"]
[WhiteElo "2470"]
[BlackElo "2265"]
[EventDate "1991.11.??"]
[PlyCount "128"]

1.Nf3 Nf6 2.c4 g6 3.Nc3 d5 4.d4 Bg7 5.Bf4 O-O 6.e3 c5 7.dxc5 Qa5 8.Rc1 
dxc4 9.Bxc4 Qxc5 10.Bb3 Nc6 11.O-O Qh5 12.h3 e5 13.Bh2 Rd8 14.Nd2 Qh6 15.
Qe2 Bf5 16.Rfd1 Bd3 17.Qf3 Qh4 18.Bg3 Qb4 19.a3 Qe7 20.Bh4 e4 21.Qf4 Re8 
22.Nd5 Nxd5 23.Bxd5 Be5 24.Bxe7 Bxf4 25.exf4 Rxe7 26.Bxc6 bxc6 27.Rxc6 Rb8
28.b4 e3 29.fxe3 Rxe3 30.Rc3 Rbe8 31.Nf3 Bb5 32.Rdc1 R8e4 33.f5 Rxc3 34.
Rxc3 gxf5 35.Rc7 a6 36.Ng5 Re1+ 37.Kf2 Rf1+ 38.Ke3 Ra1 39.Nxf7 Rxa3+ 40.
Kf4 Rb3 41.Nh6+ Kf8 42.Nxf5 Rxb4+ 43.Kg5 Bf1 44.Ne3 Bd3 45.Nd5 Rc4 46.Ra7 
Be4 47.Ne3 Rc3 48.Kf4 Bxg2 49.Nxg2 Rxh3 50.Ne3 Rh1 51.Nf5 Re1 52.Rxh7 a5 
53.Ra7 a4 54.Nd6 a3 55.Rxa3 Ke7 56.Ne4 Ke6 57.Ra6+ Kd5 58.Rd6+ Kc4 59.Ke5 
Rh1 60.Rc6+ Kb4 61.Rc8 Kb3 62.Nd2+ Kb4 63.Kd4 Kb5 64.Rc5+ Kb4 1/2-1/2

[Event "interzonal (w)"]
[Site "Subotica YUG"]
[Date "1991.??.??"]
[Round "5"]
[White "Madl, Ildiko"]
[Black "Maric, Mirjana"]
[Result "1-0"]
[WhiteElo "2380"]
[BlackElo "2250"]
[EventDate "1991.11.??"]
[PlyCount "121"]

1.e4 e6 2.d4 d5 3.Nc3 Nf6 4.Bg5 Be7 5.e5 Nfd7 6.Bxe7 Qxe7 7.f4 O-O 8.Nf3 
c5 9.Qd2 Nc6 10.dxc5 Qxc5 11.O-O-O Nb6 12.Bd3 Bd7 13.Kb1 Rac8 14.Nb5 f6 
15.exf6 Rxf6 16.Nbd4 Nxd4 17.Nxd4 Qd6 18.Rhf1 Nc4 19.Bxc4 dxc4 20.Qe3 Qb6 
21.c3 Bc6 22.g4 Bd5 23.Rde1 Rcf8 24.Qe5 Qd8 25.f5 exf5 26.Rxf5 Bf7 27.Rxf6
Qxf6 28.Qxf6 gxf6 29.Kc1 Re8 30.Kd2 Rxe1 31.Kxe1 Be8 32.Kf2 Bd7 33.Kg3 b6 
34.Kf4 h6 35.h4 Kf7 36.h5 Kg7 37.Nc2 Kf7 38.Ne3 Be6 39.Ke4 Kg7 40.Kd4 Kh7 
41.a4 Kg8 42.a5 Kg7 43.Ke4 Kg8 44.Kf4 Kg7 45.Nf5+ Kh7 46.Nd6 Kg8 47.Ne8 
Kf7 48.Nc7 Bd7 49.axb6 axb6 50.Nd5 b5 51.Ne3 Kg7 52.Ke4 Bc6+ 53.Kd4 Bf3 
54.Kc5 Be2 55.Kxb5 Kf8 56.Kc5 Kg7 57.Kd5 Kh7 58.Ke6 Bd3 59.Kxf6 Be2 60.Ke5
Kg7 61.Kf4 1-0